000
00327nam a22001457a 4500
003
SGT
082
_a
343.9990954,SHA
100
_a
SHARMA, VAKUL
245
_a
INFORMATION TECHNOLOGY LAW AND PRACTICE
250
_a
2ND
260
_a
NEW DELHI
_b
UNIVERSAL BOOK
_c
2010
300
_a
328
650
_a
IT LAW
942
_2
ddc
_c
BK
_0
1
999
_c
9797
_d
9797